Movies Quiz

Random Movies Quiz

Original Titles of Hit Movies Quiz Stats

 Plays Quiz not verified by Sporcle

Score 0/17 Timer 07:00
0 Plays Today
Original Title Movie % Correct
There's Something About SarahThere's Something About Mary
92%
Scary MovieScream
81.3%
Teenage Sex ComedyAmerican Pie
81%
Tomorrow Never LiesTomorrow Never Dies
72%
The ContenderRocky
57.7%
WiseguyGoodfellas
52.8%
Shoeless JoeField of Dreams
52.3%
When I Grow UpBig
48.4%
Do Androids Dream of Electric Sheep?Blade Runner
47.7%
Original Title Movie % Correct
The Tribal Rites of the New Saturday NightSaturday Night Fever
43.8%
The WoodsThe Village
33.3%
The Cut-**** KillingsUnforgiven
8.5%
3000Pretty Woman
6.8%
The Real WorldReality Bites
5.1%
The Last First KissHitch
2.2%
Men From MarsLetters From Iwo Jima
2.2%
OkavangaBlood Diamond
1.7%

You're not logged in!

Compare scores with friends on all Sporcle quizzes.
OR
Log In

You Might Also Like...

Show Comments

Extras

Created Jun 21, 2010SourceReportNominate
Tags:hit, original

Top Quizzes Today


Score Distribution

Your Account Isn't Verified!

In order to create a playlist on Sporcle, you need to verify the email address you used during registration. Go to your Sporcle Settings to finish the process.

Report this User

Report this user for behavior that violates our Community Guidelines.

Details: